00576 a2200181 450000100060000002000150000604000220002110000170004324000240006024500190008430000070010336200090011065000350011994200070015495201160016195201000027799900170037759470 a0194231704 cAnchieta - Pituba aFoster, Mark10aTaxi of terrorlIng10aTaxi of terror a300 a2000 4aLiteratura juvenil em inglês cBK 00104070a91.1b91.1d2023-11-21l0oLJ 028.573 B972t BUR TAXp10649/PITr2023-11-21 18:27:27w2023-11-21yBK 00102ddc4070a57.2b57.2d2024-07-11l0pfm60r2024-07-11 19:18:37w2024-07-11yBKzFD2/EMu c59470d59470